02042nam a22003371 450000100060000000300080000600500170001400800390003103500190007004000230008904100080011208200210012010000410014124501950018226000580037730000270043549000520046250400370051465000480055165000270059971000840062694200120071099900170072295201370073995201380087695201380101495201380115295201380129095201380142895201380156633698BD-RjUL20211209052039.0140511r19671962ilu b 001 0 eng a(BD-RjUL)33789 aDLCcDLCdDLCbeng aeng00a301.24bHAO 19671 aHagen, Everett Einar,d1906-910231710aOn the theory of social change :b how economic growth begins cA study from the Center for International Studies, Massachusetts Institute of Technology.nPart I :pThe nature of the problem aHomewood, Ill. :bDorsey Press,c1962 [printing 1967] axvii, 557 p. ;c24 cm.0 aThe Dorsey series in anthropology and sociology aIncludes bibliography and index. 0aEconomic developmentxSocial aspects.98036 0aSocial change.91023182 aMassachusetts Institute of Technology.bCenter for International Studies.97315 2ddccBK c33698d33698 00102ddc40718NFICaRUCLbRUCLcStackd1968-03-06eEuro Pak.g48.00l0o301.24 HAO 1967r2014-05-11 00:00:00tC-5w2021-12-09yBK 00102ddc40718NFICaRUCLbRUCLcReadingd1966-01-05eEuro-Pak.g0.00l0o301.24 HAO 1964r2014-05-11 00:00:00tC-1w2021-12-09yBK 00102ddc40708NFICaRUCLbRUCLcStackd1968-09-05eZeitlingerg76.00l0o301.24 HAO 1967r2014-05-14 00:00:00tC-2w2014-05-14yBK 00102ddc40708NFICaRUCLbRUCLcStackd1968-09-05eZeitlingerg76.00l0o301.24 HAO 1967r2014-05-14 00:00:00tC-3w2014-05-14yBK 00102ddc40708NFICaRUCLbRUCLcStackd1968-03-22eEuro Parkg48.00l0o301.24 HAO 1967r2014-05-15 00:00:00tC-7w2014-05-15yBK 00102ddc40708NFICaRUCLbRUCLcStackd1968-03-22eEuro Parkg48.00l0o301.24 HAO 1967r2014-05-15 00:00:00tC-4w2014-05-15yBK 00102ddc40708NFICaRUCLbRUCLcStackd1968-04-05eZeitlingerg76.00l0o301.24 HAO 1967r2016-08-03 00:00:00tC-6w2016-08-03yBK